000 00878nam a2200193Ia 4500
008 090124s9999 xx 000 0 und d
082 _b30428
_a2908
100 _aवाजपेयी अटलबिहारी
245 _a नके दैन्य मज नको पलायन ! (आत्मनिवेदन व मुलाखत)
250 _a1
260 _c2000
300 _a115
600 _aवाजपेयी अटलबिहारी
630 _a नके दैन्य मज नको पलायन ! (आत्मनिवेदन व मुलाखत)
700 _aमहाम्बरे गंगाधर
700 _aवाजपेयी अटलबिहारी
730 _a नके दैन्य मज नको पलायन ! (आत्मनिवेदन व मुलाखत)
942 _cBOOK
999 _c143909
_d143909